000 00754nam a2200217Ia 4500
003 GCL
008 140319s9999 xx 000 0 ara d
040 _aGCL /
_cGCL
082 0 4 _a953
_bف د
100 1 _aنخبة من الاساتذة
245 1 0 _aدراسات فى الحضارة الاسلامية: التقاء الثقافتين العربية و الفارسية /
_cنخبة من الاساتذة
300 _a300 ص
490 _a
650 0 4 _aمصر
650 0 4 _aالحضارة العربية الاسلامية - المعارف البحرية
650 0 4 _aايران
650 0 4 _aالتاريخ الاسلامى
650 0 4 _aالحضارة الاسلامية
650 0 4 _aالحضارة الفارسية
942 _2ddc
_cBK
999 _c40530
_d40530